| 000 | 00469nam a2200181 a 4500 | ||
|---|---|---|---|
| 005 | 20140412111428.0 | ||
| 008 | 090224s19uu xx 00 eng d | ||
| 020 | _a0-439-87126-3 | ||
| 050 |
_aTR(PS E _bWe 2007 |
||
| 100 | _aParker, David | ||
| 245 |
_aWe ca do this together / _cDavid Parker. |
||
| 260 |
_aU.S.A : _bScholastic, _c2007. |
||
| 300 | _aunp. | ||
| 440 | _aThe Best me i can be | ||
| 650 | _aCommunity Garden | ||
| 999 |
_c106299 _d106299 |
||